Escritos críticos

Uloženo v:
Podrobná bibliografie
Hlavní autor: Joyce, James Augustine (Autor)
Médium: Kniha
Jazyk:španělština
Vydáno: Madrid Alianza S. A 1975
Vydání:1a. ed
Edice:Literatura
Témata:
Tagy: Přidat tag
Žádné tagy, Buďte první, kdo vytvoří štítek k tomuto záznamu!

MARC

LEADER 00000cam a2200000 a 4500
001 UCE4614
003 CL-VaPUC
008 141107e19750000sp |||||||||||||||||spa|d
020 |a 8420615870 
082 0 4 |a 824  |b JOY  |2 21 
100 |a Joyce, James Augustine  |e author  |9 498658 
245 1 0 |a Escritos críticos 
250 |a 1a. ed 
300 |a 358 p 
942 |c BK 
945 |d 20141107 12:15:00  |a dcastane 
260 |a Madrid  |b Alianza S. A  |c 1975 
650 7 |a ENSAYOS IRLANDESES  |2 CL-VaPUC  |9 267795 
650 0 |a Literatura irlandesa  |9 349943 
583 |a last modification  |c 20141107 12:15:00  |k Rodrigo Vera 
490 0 |a Literatura 
999 |c 357495  |d 357493 
952 |0 0  |1 0  |3 erb  |4 0  |6 824_000000000000000_JOY_1975  |7 0  |8 A  |9 465509  |a BIBEDU  |b BIBEDU  |i 5122309  |l 1  |o 824 JOY 1975  |p 5122309  |r 2023-03-15  |s 2023-03-13  |w 2019-11-23  |y BK  |z Catalogado en:20141107  |k LIT